000 00857nam a22001815i 4500
001 171297
003 ES-MaACL
005 20251114121411.0
008 090508s1878 sp |||| | spa d
100 1 _aChacel, Mariano.
_9140067
245 1 4 _aLos bohemios
_b: pasillo lirico-bufo en un acto y en verso /
_coriginal de Mariano Chacel ; música de Rafael Taboada.
260 _aMadrid :
_b[s.n.],
_c1878 (
_fEst. tip. de J. C. Conde y Cia.)
300 _a31 p. ;
_c18 cm.
500 _aEn port.: Estrando con extraordinario éxito en el teatro Eslava la noche del 5 de abril de 1878.
700 1 _aTaboada, Rafael,
_d1837-1914
_9133103
852 _aES-MaACL
_jF-8599(6)
_z.- Enc. pasta española
_q.- Falto de la cub. original
_z.- Enc. en un vol. facticio formando parte de la col. facticia "Teatro español moderno", vol. 52
999 _c171297
_d171297